000 00641nam a2200217Ia 4500
003 GCL
008 140319s9999 xx 000 0 ara d
040 _aGCL /
_cGCL
082 0 4 _a811.09
_bع م
100 1 _aعمرو جمعة
245 1 0 _aمنشورات فشل بن عطاء الله: السفرات الاول والثانى /
_cعمرو جمعة
260 _a[S.N] :
_bلا يوجد ،
_c1993
300 _a83 ص
490 _a
650 0 4 _aالشعر العربى
650 0 4 _aالادب العربى
650 0 4 _aالعصر الحديث
650 0 4 _aمصر
650 0 4 _aمصائد الاسفينج
942 _2ddc
_cBK
999 _c30133
_d30133